| Tag |
First Indicator |
Second Indicator |
Subfields |
| LEADER |
00000cam a2200000 a 4500 |
| 001 |
in00005716633 |
| 005 |
20260319180135.3 |
| 006 |
m o d |
| 007 |
cr |n||||||||| |
| 008 |
110519s2011 ii a gob 001 0 eng d |
| 010 |
|
|
|z 2011286211
|z 2011323064
|
| 040 |
|
|
|a WYU
|b eng
|e pn
|c WYU
|d OCLCO
|d OCLCF
|d OCLCQ
|d YDXCP
|d VMC
|d VLB
|d STBDS
|d Z5A
|d FIE
|d BUF
|d U3W
|d AU@
|d YOU
|d TKN
|d OCLCA
|d OL$
|d OCLCQ
|d HS0
|d INARC
|d OCLCO
|d OCLCQ
|d OCLCO
|d OCLCL
|d OCLCQ
|d OCLCL
|d OCLCO
|
| 019 |
|
|
|a 812066954
|a 812452693
|a 1285757067
|
| 020 |
|
|
|a 0199081255
|q (electronic bk.)
|
| 020 |
|
|
|a 9780199081257
|q (electronic bk.)
|
| 020 |
|
|
|z 9780198071495
|
| 020 |
|
|
|z 0198071493
|
| 035 |
|
|
|a (OCoLC)1062903790
|z (OCoLC)812066954
|z (OCoLC)812452693
|z (OCoLC)1285757067
|
| 037 |
|
|
|b Library of Congress -- New Delhi Overseas Office
|
| 043 |
|
|
|a a-ii---
|
| 050 |
|
4 |
|a HD2346.I5
|b M26 2011
|
| 082 |
0 |
4 |
|a 338.6420954
|2 22
|
| 049 |
|
|
|a TXAM
|
| 100 |
1 |
|
|a Marjit, Sugata,
|d 1959-
|1 https://id.oclc.org/worldcat/entity/E39PBJqfC3QXtMkkvkVJBBvfv3
|
| 240 |
1 |
0 |
|a Outsiders (Online)
|
| 245 |
1 |
4 |
|a The outsiders :
|b economic reform and informal labour in a developing economy /
|c Sugata Marjit, Saibal Kar.
|
| 260 |
|
|
|a New Delhi :
|b Oxford University Press,
|c 2011.
|
| 300 |
|
|
|a 1 online resource (xiv, 218 pages) :
|b illustrations
|
| 336 |
|
|
|a text
|b txt
|2 rdacontent
|
| 337 |
|
|
|a computer
|b c
|2 rdamedia
|
| 338 |
|
|
|a online resource
|b cr
|2 rdacarrier
|
| 504 |
|
|
|a Includes bibliographical references (pages 203-212) and indexes.
|
| 505 |
0 |
|
|a Introduction -- The political economy of informality -- Informal wages in the presence of agricultural and manufacturing sectors -- Outsourcing, informality, and informal wages -- The informal sector in general equilibrium models -- International trade, the informal sector, and welfare -- The extended Heckscher-Ohlin framework with the informal sector -- Empirical evidence for India -- Trade reforms, labour market reforms, informal wages, and poverty -- Reforms and productivity in the informal sector -- Two case studies on the informal economy -- The road ahead.
|
| 520 |
8 |
|
|a This book provides a detailed theoretical overview and analytical understanding of informal labour markets in the context of economic reforms. Grounded in the neo-classical general equilibrium framework, it analyses the impact of deregulatory policies on the welfare of informal workers in a segmented labour market.
|
| 650 |
|
0 |
|a Informal sector (Economics)
|z India.
|
| 650 |
|
0 |
|a Labor market
|z India.
|
| 650 |
|
0 |
|a Economic development
|z India.
|
| 650 |
|
6 |
|a Secteur informel (Économie politique)
|z Inde.
|
| 650 |
|
6 |
|a Marché du travail
|z Inde.
|
| 650 |
|
6 |
|a Développement économique
|z Inde.
|
| 650 |
|
7 |
|a Economic development
|2 fast
|
| 650 |
|
7 |
|a Informal sector (Economics)
|2 fast
|
| 650 |
|
7 |
|a Labor market
|2 fast
|
| 651 |
|
7 |
|a India
|2 fast
|1 https://id.oclc.org/worldcat/entity/E39PBJmdx47cDXrRhBXHtbvPwC
|
| 650 |
|
7 |
|a Management.
|2 hilcc
|
| 650 |
|
7 |
|a Business & Economics.
|2 hilcc
|
| 650 |
|
7 |
|a Industrial Management.
|2 hilcc
|
| 655 |
|
7 |
|a Electronic books.
|2 local
|
| 700 |
1 |
|
|a Kar, Saibal.
|1 https://id.oclc.org/worldcat/entity/E39PBJp9mfWYbM4BYYfwFHVQv3
|
| 710 |
2 |
|
|a Oxford University Press.
|1 https://id.oclc.org/worldcat/entity/E39QH7JmqydQRq3jgM89g7d7gg
|
| 758 |
|
|
|i has work:
|a The outsiders (Text)
|1 https://id.oclc.org/worldcat/entity/E39PCGkQ6TJjKdhWMRvfQDC333
|4 https://id.oclc.org/worldcat/ontology/hasWork
|
| 776 |
0 |
8 |
|i Print version:
|a Marjit, Sugata, 1959-
|t Outsiders.
|d New Delhi : Oxford University Press, 2011
|z 9780198071495
|z 0198071493
|w (DLC) 2011286211
|
| 856 |
4 |
0 |
|u http://proxy.library.tamu.edu/login?url=https://academic.oup.com/book/27264
|z Connect to the full text of this electronic book
|t 0
|
| 936 |
|
|
|a BATCHLOAD
|
| 955 |
|
|
|a Oxford Scholarship Online
|
| 994 |
|
|
|a 92
|b TXA
|
| 999 |
f |
f |
|i 5f3634fe-f058-4610-9c01-208775a855ed
|s 447ecf2f-f47f-4368-aa7a-6b1c37b2b7b2
|t 0
|
| 952 |
f |
f |
|a Texas A&M University
|b College Station
|c Electronic Resources
|s www_evans
|d Available Online
|t 0
|e HD2346.I5 M26 2011
|h Library of Congress classification
|
| 998 |
f |
f |
|a HD2346.I5 M26 2011
|t 0
|l Available Online
|